| 000 | 00816cam a2200253 a 4500 | ||
|---|---|---|---|
| 001 | 234 | ||
| 003 | BR-CuiBMT | ||
| 005 | 20231106230050.0 | ||
| 008 | 230905s2010 mgb 000 0 por d | ||
| 020 | _a9788577003617 | ||
| 040 |
_aBR-CuiBMT _cBR-CuiBMT |
||
| 080 |
_22007 _a347.922.6 |
||
| 090 |
_a347.922.6 _bB862a |
||
| 100 | 1 | _aBrito, Lúcio Eduardo de | |
| 245 | 1 | 2 |
_aA ação popular como instrumento de invalidação da sentença lesiva ao patrimônio público / _cLúcio Eduardo de Brito ; prefácio, Humberto Theodoro Júnior. |
| 260 |
_aBelo Horizonte : _bFórum, _c2010. |
||
| 300 |
_a234 p. ; _c22 cm |
||
| 504 | _aInclui bibliografia. | ||
| 650 | _aDireito público | ||
| 650 | _aDireito administrativo | ||
| 650 | _aDireito constitucional | ||
| 650 | _aDireito processual civil | ||
| 942 |
_2udc _cLV |
||
| 999 |
_c234 _d234 |
||